У колыбели геологии и горного дела

Bibliografiske detaljer
Hovedforfatter: Ребрик Б. М. Борис Михайлович
Sprog:russisk
Udgivet: Москва, Геоинформмарк, 2000
Udgivelse:2-е изд., перераб. и доп.
Fag:
Format: MixedMaterials Bog
KOHA link:https://koha.lib.tpu.ru/cgi-bin/koha/opac-detail.pl?biblionumber=25226

MARC

LEADER 00000nam0a2200000 4500
001 25226
005 20260113174747.0
010 |a 5900357422 
035 |a (RuTPU)RU\TPU\book\25462 
035 |a BOOK00025537 
090 |a 25226 
100 |a 20011209d2000 km y0rusy50 ca 
101 0 |a rus 
102 |a RU 
105 |a а z 000zd 
200 1 |a У колыбели геологии и горного дела  |f Б. М. Ребрик 
205 |a 2-е изд., перераб. и доп. 
210 |a Москва  |c Геоинформмарк  |d 2000 
215 |a 181 с.  |c ил. 
606 |a Геология  |x История  |9 83634 
606 |a Горное дело  |x История  |9 84200 
610 1 |a древние греки 
610 1 |a древние римляне 
610 1 |a античная эпоха 
610 1 |a инженеры-геологи 
675 |a 55(09)  |v 3 
675 |a 622(09)  |v 3 
700 1 |a Ребрик  |b Б. М.  |g Борис Михайлович 
801 0 |a RU  |b 63413507  |c 20011209  |g PSBO 
801 2 |a RU  |b 63413507  |c 20090119  |g PSBO 
942 |c BK